| Tag |
First Indicator |
Second Indicator |
Subfields |
| LEADER |
00000nam a2200000 i 4500 |
| 001 |
in00004591123 |
| 006 |
m o d f |
| 007 |
cr b|||||||ada |
| 008 |
101115s1996 mduab ob f000 0 eng c |
| 005 |
20220812191040.6 |
| 035 |
|
|
|a (OCoLC)ocn681476418
|
| 040 |
|
|
|a OCLCE
|b eng
|e rda
|e pn
|c OCLCE
|d OCLCQ
|d OCLCF
|d OCLCO
|d OCLCQ
|d COP
|d OCLCQ
|d OCLCO
|d GPO
|d MvI
|
| 042 |
|
|
|a dlr
|a pcc
|
| 043 |
|
|
|a n-us-md
|
| 049 |
|
|
|a WWW
|
| 050 |
|
4 |
|a GB701
|b .W375 no.95-4248
|
| 074 |
|
|
|a 0624-B-05 (online)
|
| 086 |
0 |
|
|a I 19.42/4:95-4248
|
| 100 |
1 |
|
|a Banks, William S. L.,
|e author.
|
| 245 |
1 |
0 |
|a Hydrogeologic setting, hydraulic properties, and ground-water flow at the O-Field area of Aberdeen Proving Ground, Maryland /
|c by William S.L. Banks, Barry S. Smith, and Colleen A. Donnelly.
|
| 264 |
|
1 |
|a Towson, Maryland :
|b U.S. Geological Survey,
|c 1996.
|
| 300 |
|
|
|a 1 online resource (iv, 29 pages) :
|b illustrations, maps.
|
| 336 |
|
|
|a text
|b txt
|2 rdacontent
|
| 337 |
|
|
|a computer
|b c
|2 rdamedia
|
| 338 |
|
|
|a online resource
|b cr
|2 rdacarrier
|
| 490 |
1 |
|
|a Water-resources investigations report ;
|v 95-4248
|
| 500 |
|
|
|a "Prepared in cooperation with the U.S. Army Aberdeen Proving Ground Support Activity, Environmental Conservation and Restoration Division, Aberdeen Proving Ground, Maryland."
|
| 500 |
|
|
|a GPO Cataloging Record Distribution Program (CRDP).
|
| 504 |
|
|
|a Includes bibliographical references (pages 28-29).
|
| 588 |
|
|
|a Description based on online resource; title from PDF title page (USGS, viewed July 29, 2022).
|
| 650 |
|
0 |
|a Hydrogeology
|z Maryland
|z Aberdeen Proving Ground.
|
| 650 |
|
0 |
|a Groundwater flow
|z Maryland
|z Aberdeen Proving Ground.
|
| 650 |
|
0 |
|a Hydraulics.
|
| 650 |
|
0 |
|a Aquifers
|z Maryland
|z Aberdeen Proving Ground.
|
| 650 |
|
7 |
|a Groundwater flow.
|2 fast
|0 (OCoLC)fst00948337
|
| 650 |
|
7 |
|a Hydrogeology.
|2 fast
|0 (OCoLC)fst00965077
|
| 651 |
|
7 |
|a Maryland
|z Aberdeen Proving Ground.
|2 fast
|0 (OCoLC)fst01203012
|
| 700 |
1 |
|
|a Smith, Barry S.,
|e author.
|
| 700 |
1 |
|
|a Donnelly, Colleen A.,
|e author.
|
| 710 |
2 |
|
|a Geological Survey (U.S.),
|e issuing body.
|
| 710 |
1 |
|
|a Aberdeen Proving Ground (Md.).
|b Environmental Conservation and Restoration Division.
|
| 776 |
0 |
8 |
|i Print version:
|a Banks, William S.L.
|t Hydrogeologic setting, hydraulic properties, and ground-water flow at the O-Field area of Aberdeen Proving Ground, Maryland
|w (OCoLC)35448678
|
| 830 |
|
0 |
|a Water-resources investigations report ;
|v 95-4248.
|
| 856 |
4 |
0 |
|u https://purl.fdlp.gov/GPO/gpo184905
|t 0
|
| 999 |
f |
f |
|s 8575e290-4732-40b9-ae0e-2b8ca0f5051a
|i 8575e290-4732-40b9-ae0e-2b8ca0f5051a
|t 0
|
| 952 |
f |
f |
|a Texas A&M University
|b College Station
|c Electronic Resources
|d Available Online
|t 0
|e I 19.42/4:95-4248
|h Superintendent of Documents classification
|
| 998 |
f |
f |
|a I 19.42/4:95-4248
|t 0
|l Available Online
|